| 000 | 00568nam a2200229Ia 4500 | ||
|---|---|---|---|
| 003 | OSt | ||
| 005 | 20221005125145.0 | ||
| 006 | a|||||r|||| 00| 0 | ||
| 007 | ta | ||
| 008 | 221004b |||||||| |||| 00| 0 eng d | ||
| 024 | _a34868 | ||
| 037 | _cTextual | ||
| 040 |
_aCRL _cCRL _beng |
||
| 041 |
_2eng _aeng |
||
| 082 | _aZ2vN5, J2 | ||
| 100 |
_aJain Mahabir Prashad _9636236 |
||
| 245 | 0 | _aOutlines of Indian legal history | |
| 260 | _c1952 | ||
| 650 | _aLAW | ||
| 942 |
_hZ2vN5, J2 _cTEXL _2cc |
||
| 999 |
_c1053118 _d1053118 |
||